Stati per punto più elevato - Statistics

Statistiche generali
  • Questo quiz è stato fatto 30 volte
  • Il punteggio medio è 16 su 20
Statistiche sulle risposte
Punto più elevato Altitudine (m) Continente Stato % Corretto
Monte Everest 8 848 Asia Cina
96%
Elbrus 5 642 Asia / Europa Russia
96%
Aconcagua 6 962 America del Sud Argentina
93%
Monte Everest 8 848 Asia Nepal
93%
Ojos del Salado 6 893 America del Sud Cile
89%
Kangchenjunga 8 586 Asia India
86%
Huascarán 6 768 America del Sud Perù
86%
Gangkhar Puensum 7 570 Asia Bhutan
82%
K2 8 611 Asia Pakistan
82%
Nevado Sajama 6 542 America del Sud Bolivia
79%
Noshaq 7 492 Asia Afghanistan
75%
Logan 5 959 America del Nord Canada
75%
Pico Cristóbal Colón 5 775 America del Sud Colombia
75%
Khan Tangiri Shyngy 7 010 Asia / Europa Kazakistan
75%
Denali 6 194 America del Nord Stati Uniti
75%
Chimborazo 6 267 America del Sud Ecuador
68%
Kilimangiaro 5 895 Africa Tanzania
68%
Picco Ismail Samani 7 495 Asia Tagikistan
64%
Jengish Chokusu 7 439 Asia Kirghizistan
61%
Hkakabo Razi 5 881 Asia Birmania
43%
Nessun quiz corrispondente trovato
Distribuzione punteggi
Percentuale di utenti per punteggio
Percentile per numero di risposta
I tuoi punteggi nel tempo
Non hai fatto questo quiz